Garbage Management in Japan: Leading the Way

Guardado en:
Detalles Bibliográficos
Autor principal: Hershkowitz, Allen
Otros Autores: Salerni, Eugene
Formato: Libro
Lenguaje:inglés
Publicado: New York INFORM 1987
Materias:
Etiquetas: Agregar Etiqueta
Sin Etiquetas, Sea el primero en etiquetar este registro!

MARC

LEADER 00000nam a2200000 4500
001 0263097
005 20240325111423.4
020 |a 0-918780-43-8 
041 0 |a eng 
044 |a US 
245 1 0 |a Garbage Management in Japan: Leading the Way  |c Allen Hershkowitz, Eugene Salerni 
264 1 |a New York  |b INFORM  |c 1987 
300 |a 131 s. 
610 2 0 |a odpad 
610 2 0 |a odpad komunálny 
610 2 0 |a hospodárstvo odpadové 
610 2 0 |a recyklácia odpadu 
610 2 0 |a Japonsko 
100 1 |a Hershkowitz, Allen 
700 1 |a Salerni, Eugene